Score 0/30 Timer 10:00
1 Play Today
Category Answer % Correct
The MythHammer
89.7%
The MythThunder
88.2%
The MythNorse
84%
The MarvelLoki
77.7%
The MythOdin
77%
The MarvelStan Lee
72.8%
The MarvelThe Avengers
72.4%
The MovieS.H.I.E.L.D.
68.9%
The MovieNatalie Portman
66.4%
The MovieHawkeye
63.1%
The MovieChris Hemsworth
62.3%
The MarvelFrog
61.8%
The MovieAnthony Hopkins
61.1%
The MovieEyepatch
57.8%
The MythOak
55.1%
Category Answer % Correct
The MarvelAsgard
54.5%
The MarvelHercules
50.3%
The MythRed
49.4%
The MythMidgard Serpent
45.5%
The MovieMidgard
42.4%
The MovieKenneth Branagh
35.8%
The MythSif
34.4%
The MarvelWarriors Three
30.8%
The MythThursday
30.4%
The MovieThe Wire
29.6%
The MarvelJack Kirby
28.8%
The MarvelDonald Blake
27.2%
The MythGoats
25.4%
The MarvelBeta Ray Bill
23.3%
The MovieJ. Michael Straczynski
9.7%
Remove Ads.
Support Sporcle.
Get the best of Sporcle when you Go Orange. This ad-free experience offers more features, more stats, and more fun while also helping to support Sporcle. Thank you for becoming a member.

You're not logged in!

Compare scores with friends on all Sporcle quizzes.
OR
Log In

Show Comments

Extras

Top Quizzes Today


Score Distribution

Your Account Isn't Verified!

In order to create a playlist on Sporcle, you need to verify the email address you used during registration. Go to your Sporcle Settings to finish the process.

Report this User

Report this user for behavior that violates our Community Guidelines.

Details: